| 000 | 00680nam a2200217 a 4500 | ||
|---|---|---|---|
| 999 |
_c4822 _d4822 |
||
| 001 | 4822 | ||
| 003 | BD-JhCC | ||
| 005 | 20171203193338.0 | ||
| 008 | 171203s1978 bg |||| ||a| 000 0 eng d | ||
| 035 | _a(BD-JhCC)4822 | ||
| 040 |
_aBD-JhCC _dBD-JhCC |
||
| 041 | _aben | ||
| 082 |
_a910.4 _bHAQ 1978 |
||
| 100 | _aহক, ডক্টর মুহম্মদ এনামুল | ||
| 245 |
_aবুলগেরিয়া-ভ্রমন / _cডক্টর মুহম্মদ এনামুল হক |
||
| 260 |
_aঢাকা : _bমুক্তধারা, _c১৯৭৮. |
||
| 300 |
_a214 p. : _c20 cm. |
||
| 650 | _aTravelogue | ||
| 942 |
_2ddc _cBK |
||